La institucionalizacin̤ de la razn̤

Detalles Bibliográficos
Autor principal: Nava Tovar, Alejandro
Formato: eBook
Lenguaje:español
Publicado: Barcelona Anthropos 2015
Materias:
Acceso en línea:Acceso restringido

MARC

LEADER 00000nam a22000007a 4500
005 20151001093118.0
007 cr|||| ||u|
008 151001s2015 sp |||||s|||| 00||0 spa d
020 |a 978-84-15260-99-8 
035 |a 12856 
040 |a vLex 
090 |c 5570  |d 5570 
100 1 |a Nava Tovar, Alejandro 
245 1 3 |a La institucionalizacin̤ de la razn̤  |h [Recurso electrn̤ico]  |c Alejandro Nava Tovar  
256 |a Servicio en ln̕ea 
260 |a Barcelona  |b Anthropos  |c 2015 
300 |a 1 recurso electrn̤ico 
500 |a Este libro presenta una reconstruccin̤ integral de la filosofa̕ del derecho de Robert Alexy, entendida como una concepcin̤ no-positivista del derecho. Ms̀ que el de ningn︢ otro fils̤ofo del derecho contemporǹeo, el pensamiento de Alexy, sobre el cual giran la mayora̕ de las discusiones especializadas en filosofa̕ jurd̕ica, ha tenido una recepcin̤ sin igual en los pas̕es latinoamericanos. As,̕ esta reconstruccin̤ se realiza a partir de sus tres ejes fundamentales: la teora̕ de la argumentacin̤ prc̀tica y jurd̕ica, la teora̕ de los derechos humanos y fundamentales, y la teora̕ del concepto y naturaleza del derecho. Esta obra tambiň vincula los argumentos de Alexy con la cuestin̤ de la legitimidad del derecho moderno y con otras cuestiones de la filosofa̕ moral, polt̕ica y jurd̕ica. 
506 1 |a Contenido solo disponible en los productos indicados  |d vLex Global  |d vLex Global (Academic Edition, excluding Law Schools)  |d vLex Global (U.S. Academic Edition, Law Schools)  |d vLex Global (U.S. Academic Edition, excluding Law Schools)  |d vLex Global (Academic Edition, Law Schools) 
650 0 4 |a Derecho  |x Filosofa̕  |z Espaą 
740 0 |a vLex libros (Servicio en ln̕ea) 
856 4 0 |u http://vlex.com/source/institucionalizacion-de-la-razon-12856  |z Acceso restringido 
942 |c BOOK 
999 0 |a Law